| Поле | Название | Значение |
| |
Тип записи |
a |
| |
Библиографический уровень |
m |
| 001 |
Контрольный номер |
2762d80f845344ca8ecf792ed9817241 |
| 005 |
Дата корректировки |
20160919154915.1 |
| 010 |
Индекс ISBN |
__ |
| a |
ISBN |
5-06-003864-5 |
| 200 |
Заглавие и сведения об ответственности |
1_ |
| a |
Заглавие |
Давайте говорить правильно |
| e |
Сведения, относящиеся к заглавию |
Пособие по рус.яз.: учеб. пособие |
| f |
Первые сведения об ответственности |
Л. А. Вербицкая |
| b |
Общее обозначение материала |
Текст |
| 205 |
Сведения об издании |
__ |
| b |
Дополнительные сведения об издании |
3-е изд.,испр.и доп. |
| 210 |
Выходные данные |
1_ |
| a |
Место издания |
М. |
| c |
Издательство |
Высш.шк. |
| d |
Дата издания |
2003 |
| 215 |
Физическое описание |
__ |
| a |
Объем |
238 с. |
| 300 |
Общие примечания |
__ |
| a |
Общие примечания |
гриф МО |
| 610 |
Ключевые слова |
0_ |
| a |
Ключевые слова |
русский язык |
| 610 |
Ключевые слова |
0_ |
| a |
Ключевые слова |
культура речи |
| 610 |
Ключевые слова |
0_ |
| a |
Ключевые слова |
произношение |
| 610 |
Ключевые слова |
0_ |
| a |
Ключевые слова |
орфоэпия |
| 610 |
Ключевые слова |
0_ |
| a |
Ключевые слова |
орфофония |
| 610 |
Ключевые слова |
0_ |
| a |
Ключевые слова |
спонтанная речь |
| 610 |
Ключевые слова |
0_ |
| a |
Ключевые слова |
интонация |
| 686 |
Индексы других классификаций |
__ |
| a |
Классификационный индекс |
81.411.2-923 |
| 2 |
Код системы |
rubbk |
| 700 |
Автор |
_1 |
| a |
Фамилия |
Вербицкая |
| b |
Имя |
Л. А. |
| g |
Полное личное имя |
Людмила Алексеевна |
| 801 |
Источник записи |
_0 |
| a |
Страна |
RU |
| b |
Организация |
РУК |
| c |
Дата составления |
20031201 |
| g |
Правила каталогизации |
PSBO |
| 801 |
Источник записи |
_1 |
| a |
Страна |
RU |
| b |
Организация |
РУК |
| c |
Дата составления |
20031201 |
| g |
Правила каталогизации |
PSBO |
| 852 |
Данные о местонахождении |
__ |
| i |
Авторский знак |
В31 |
| j |
Шифр хранения |
ББК 81.411.2 |
| 901 |
Тип документа |
__ |
| t |
Тип документа |
m |
| 938 |
Служебная информация |
__ |
| a |
Название организации |
Головной вуз |
| b |
Имя БД |
BOOK |
| c |
Название АИБС |
АИБС ИРБИС |